000 00261nam a2200085Ia 4500
008 220120s9999||||xx |||||||||||||| ||und||
100 _aKaruna, R and Rajiv, M
_912205
245 0 _aProject management system
260 _aCoorg Institute of Technology
_bPonnampet
_c2009
999 _c137791
_d137791